Never Enough Lyrics - Statistics

General Stats
  • This quiz has been taken 208 times
  • The average score is 35 of 49
Answer Stats
Answer % Correct
I'm trying to hold my {breath}
95%
Can't let this {moment} end
94%
Take my {hand}
93%
Never be {enough}
91%
{Never} be enough
91%
{Never} be enough
91%
Never be {enough}
91%
Never, {never}
91%
Will {never} be enough
91%
Will never be {enough}
91%
All the shine of a {thousand} spotlights
89%
Let it {stay} this way
87%
Never {be} enough
84%
All the {stars} we steal from the {nightsky}
82%
These {hands} can hold the {world} but it'll
78%
Getting {louder} now
76%
For me
75%
{For me}
75%
For me
75%
For me
75%
For me
75%
For me
75%
For me
75%
For me
75%
For me
75%
{For me}
75%
Never, {for me}
75%
All the stars we {steal} from the nightsky
72%
'Cause {darling} without {you}
72%
{Never be enough}
72%
{Towers of gold} are still too little
72%
Will you {share} this with {me?}
72%
Towers of gold are still too {little}
71%
All the {shine} of a thousand {spotlights}
70%
Can you {hear} it {echoing?}
69%
You {set} off a {dream} in me
68%
These hands can {hold} the world {but it'll}
57%
Never enough
55%
Never enough
55%
Never enough
55%
{Never enough}
55%
Never enough
55%
{Never enough}
55%
Never, never
50%
Never, never
50%
Never, never
50%
Never, never
50%
{Never, never}
50%
{Never, for me}
14%
No matching quizzes found
Score Distribution
Percent of People with Each Score
Percentile by Number Answered
Your Score History
You have not taken this quiz